[Event "Michigan Open Reserve"]
[Site "Flint, MI"]
[Date "1998.??.??"]
[Round "?"]
[White "Mandell, S."]
[Black "Carpenter, George"]
[Result "1-0"]
[WhiteElo "1605"]
[BlackElo "1605"]
[PlyCount "129"]
[EventDate "1998.09.??"]

1. d4 d5 2. Nf3 Nf6 3. Bf4 g6 4. e3 Bg7 5. h3 O-O 6. Bd3 Nbd7 7. Nc3 c5 8. dxc5
Nxc5 9. O-O Nxd3 10. Qxd3 Bf5 11. Qd2 Ne4 12. Nxe4 Bxe4 13. Be5 Rc8 14. c3 Bxf3
15. Bxg7 Be4 16. Bxf8 Kxf8 17. f3 Bf5 18. Qd4 Qd6 19. e4 e5 20. Qxd5 Qb6+ 21.
Rf2 Rc5 22. Qb3 Rb5 23. Qc2 Be6 24. c4 Rc5 25. Qb3 Rb5 26. Qc2 Rc5 27. Qb3 Rb5
28. Qa3+ Rb4 29. Rd1 Bxc4 30. Rc1 Kg7 31. Qc3 f6 32. b3 Bf7 33. Qc5 a5 34. Qxb6
Rxb6 35. Rc7 Kf8 36. Rfc2 Ke8 37. Rc8+ Kd7 38. R8c7+ Ke6 39. Rd2 Be8 40. Rxh7
Bc6 41. h4 a4 42. h5 gxh5 43. bxa4 Ra6 44. Rxh5 Rxa4 45. Rh7 b5 46. Rc7 Ra6 47.
g4 Be8 48. Kg2 Rb6 49. Rd8 Bc6 50. Kg3 b4 51. Kh4 Ba4 52. g5 fxg5+ 53. Kxg5 b3
54. axb3 Rxb3 55. Kg4 Rb1 56. f4 Rg1+ 57. Kf3 Rf1+ 58. Kg2 Rxf4 59. Rc4 Bb5 60.
Rb4 Be2 61. Re8+ Kf6 62. Rb6+ Kf7 63. Rxe5 Bf3+ 64. Kg3 Rxe4 65. Rf5+ 1-0

[Event "Michigan Amateur"]
[Site "Kalamazoo "]
[Date "1998.??.??"]
[Round "?"]
[White "Mandell, Ed"]
[Black "Tuzeneu, Jim"]
[Result "1-0"]
[WhiteElo "1605"]
[BlackElo "1605"]
[PlyCount "67"]
[EventDate "1998.07.??"]

{7/18} 1. e4 e6 2. d4 d5 3. e5 c6 4. Nf3 Ne7 5. Bg5 Nd7 6. Nc3 h6 7. Bh4 Qc7 8.
Bd3 Nb6 9. b3 Bd7 10. a4 a5 11. O-O O-O-O 12. Nd2 Re8 13. Qf3 Nf5 14. Bxf5 exf5
15. Bg3 Be6 16. Bf4 Bb4 17. Rfe1 Rhg8 18. h4 c5 19. Nb5 Qe7 20. Nd6+ Kd7 21.
Nxe8 Rxe8 22. c3 cxd4 23. cxb4 Qxh4 24. Qg3 Qe7 25. bxa5 g5 26. axb6 gxf4 27.
Qxf4 Qf8 28. Qxd4 h5 29. Rac1 Qh6 30. Qh4 Rc8 31. Rxc8 Kxc8 32. Rc1+ Kd7 33.
Rc7+ Ke8 34. Qe7# 1-0

[Event "Michigan Amateur"]
[Site "Kalamazoo "]
[Date "1998.??.??"]
[Round "?"]
[White "Mandell, Ed"]
[Black "Russell, Scott"]
[Result "0-1"]
[WhiteElo "1605"]
[BlackElo "1605"]
[PlyCount "68"]
[EventDate "1998.07.??"]

{7/19} 1. e4 d5 2. exd5 Nf6 3. c4 c6 4. Nc3 cxd5 5. cxd5 Nxd5 6. Nxd5 Qxd5 7.
Nf3 a6 8. b3 Bg4 9. Be2 Bxf3 10. Bxf3 Qe5+ 11. Be4 Qxa1 12. Qc2 Nd7 13. O-O Qd4
14. Bxb7 Rd8 15. Bxa6 Qb6 16. Bc4 e6 17. d3 Be7 18. Be3 Qc7 19. Bd4 O-O 20. Qe2
Bf6 21. Be3 Be5 22. g3 Bf6 23. d4 Nb6 24. Bd3 Nd5 25. Bd2 Ra8 26. Rc1 Qb6 27.
Qg4 Bxd4 28. Rf1 Nf6 29. Qh3 Rfd8 30. Bg5 Bxf2+ 31. Rxf2 Rxd3 32. Bxf6 Rd1+ 33.
Kg2 Qc6+ 34. Rf3 Rxa2+ 0-1

[Event "Michigan Open Reserve"]
[Site "Flint, MI"]
[Date "1998.??.??"]
[Round "?"]
[White "Mandell, Ed"]
[Black "Ligon, S."]
[Result "0-1"]
[WhiteElo "1605"]
[BlackElo "1605"]
[PlyCount "70"]
[EventDate "1998.09.??"]

1. e4 e5 2. Nf3 Nc6 3. Nc3 Nf6 4. a3 Bc5 5. Nxe5 Nxe5 6. d4 Bd6 7. f4 Ng6 8. e5
Qe7 9. Qe2 O-O 10. exf6 Qxf6 11. Nb5 Nxf4 12. Qe4 Ng6 13. Nxd6 Qxd6 14. Bd3 Rb8
15. O-O b6 16. Bg5 Bb7 17. Qe3 Qd5 18. Qh3 Qxg5 19. Rf5 Qxg2+ 20. Qxg2 Bxg2 21.
Rg5 Bb7 22. Bxg6 fxg6 23. Re1 Rbe8 24. Rge5 Rxe5 25. Rxe5 Kf7 26. Re3 Re8 27.
Rh3 Re2 28. Rc3 Bc6 29. d5 Bxd5 30. Rxc7 Rg2+ 31. Kf1 Rxh2 32. Rxd7+ Ke6 33.
Rxa7 Rxc2 34. b4 Ra2 35. Ra6 Bc4+ 0-1

[Event "Michigan Amateur"]
[Site "Kalamazoo "]
[Date "1998.??.??"]
[Round "?"]
[White "Mandell, Ed"]
[Black "Hess, Michael"]
[Result "0-1"]
[WhiteElo "1605"]
[BlackElo "1605"]
[PlyCount "142"]
[EventDate "1998.07.??"]

{7/19} 1. e4 c5 2. Nf3 Nc6 3. d4 cxd4 4. Nxd4 d6 5. Bb5 Bd7 6. Nc3 a6 7. Nxc6
bxc6 8. Bc4 Nf6 9. Qf3 g6 10. Bg5 Bg7 11. O-O O-O 12. Rfe1 Bg4 13. Qg3 Qd7 14.
h3 Be6 15. Bb3 Nh5 16. Qd3 f6 17. Bh4 Nf4 18. Qg3 Bh6 19. Rad1 Bxb3 20. cxb3
Kh8 21. Ne2 Nxe2+ 22. Rxe2 g5 23. f4 gxh4 24. Qxh4 Bg7 25. Re3 f5 26. e5 d5 27.
Rg3 e6 28. Rdd3 Rab8 29. Rg5 Qe7 30. Rdg3 h6 31. Qh5 Rf7 32. h4 d4 33. Kf2 Rd8
34. Ke2 c5 35. Kd3 a5 36. Rg6 Kh7 37. Rxh6+ Bxh6 38. Qg6+ Kh8 39. Qxh6+ Rh7 40.
Qf6+ Qxf6 41. exf6 Rf8 42. Rg6 Rxh4 43. g3 Rh2 44. f7 Rxf7 45. Rxe6 Rc7 46. Re5
Rg2 47. Rxf5 Rxg3+ 48. Kd2 Kg7 49. Re5 Rf3 50. f5 Kf6 51. Re8 Rxf5 52. Ra8 c4
53. bxc4 Rxc4 54. Kd3 Rb4 55. b3 Rd5 56. Ra6+ Ke5 57. Rh6 Rb8 58. Rh5+ Kd6 59.
Rh4 Rg8 60. Rxd4 Rxd4+ 61. Kxd4 Rc8 62. a4 Rb8 63. Kc4 Rb4+ 64. Kc3 Kc5 65. Kb2
Kd4 66. Kc2 Rb7 67. Kb2 Kd3 68. Ka2 Kc2 69. Ka3 Rxb3+ 70. Ka2 Kc3 71. Ka1 Ra3+
0-1

[Event "U.S. Amateur North"]
[Site "Detroit, MI"]
[Date "1998.??.??"]
[Round "?"]
[White "Mandell, Ed"]
[Black "Gardner, G."]
[Result "0-1"]
[WhiteElo "1605"]
[BlackElo "1605"]
[PlyCount "96"]
[EventDate "1998.05.??"]

{5/23} 1. e4 c5 2. Nf3 d6 3. Nc3 Nc6 4. Bb5 a6 5. Bc4 e6 6. d4 cxd4 7. Nxd4 Nf6
8. Bg5 Be7 9. Nxc6 bxc6 10. O-O O-O 11. Qf3 d5 12. Rad1 Qc7 13. Bb3 Nxe4 14.
Bxe7 Qxe7 15. Nxe4 dxe4 16. Qxe4 Bb7 17. a3 Rab8 18. Rd3 Rfd8 19. Rh3 h6 20.
Re1 Qf6 21. c3 Qg5 22. Bc2 c5 23. Qh7+ Kf8 24. Rg3 Qd2 25. Rge3 Bc6 26. R3e2
Qg5 27. Be4 Bxe4 28. Rxe4 Rxb2 29. h4 Qd2 30. R4e2 Qxc3 31. Qe4 Rxe2 32. Qxe2
Qxa3 33. Rd1 Rxd1+ 34. Qxd1 Ke7 35. g3 c4 36. Kf1 c3 37. Ke2 Qb2+ 38. Kd3 Qd2+
39. Qxd2 cxd2 40. Kxd2 Kd6 41. Kd3 Kd5 42. f4 h5 43. Kc3 a5 44. Kb3 Ke4 45. Ka4
Kf3 46. Kxa5 Kxg3 47. Kb5 Kxf4 48. Kc5 Kg4 0-1

[Event "Michigan Open Reserve"]
[Site "Flint, MI"]
[Date "1998.??.??"]
[Round "?"]
[White "Mandell, Ed"]
[Black "Crann, Bill"]
[Result "1-0"]
[WhiteElo "1605"]
[BlackElo "1605"]
[PlyCount "57"]
[EventDate "1998.09.??"]

1. e4 c5 2. Bc4 e6 3. Nc3 Bd6 4. Qg4 Be5 5. Nce2 Nc6 6. c3 d5 7. Bb5 a6 8.
Bxc6+ bxc6 9. f4 h5 10. Qg3 Bf6 11. h4 dxe4 12. Qe3 Bxh4+ 13. g3 Qd3 14. Rxh4
e5 15. fxe5 c4 16. Rxe4 Bg4 17. Qd4 Bxe2 18. Nxe2 Nf6 19. exf6+ Qxe4 20. Qxe4+
Kf8 21. Qxc6 Re8 22. Qxc4 h4 23. Qc5+ Kg8 24. Qg5 g6 25. gxh4 Rh5 26. Qg4 Rhe5
27. d4 Rf5 28. Bg5 Re3 29. Bxe3 1-0

[Event "Michigan Senior"]
[Site "Ann Arbor, MI"]
[Date "1998.??.??"]
[Round "?"]
[White "Mandell, Ed"]
[Black "Carr, Jay"]
[Result "0-1"]
[WhiteElo "1605"]
[BlackElo "1695"]
[PlyCount "124"]
[EventDate "1998.06.??"]

{6/14} 1. e4 c5 2. Nf3 Nf6 3. d4 cxd4 4. e5 Nd5 5. Nxd4 Nc6 6. Nxc6 dxc6 7. c4
Nc7 8. Qxd8+ Kxd8 9. Bd3 g6 10. Nd2 Bg7 11. Nf3 Bg4 12. Be2 Bxf3 13. Bxf3 Bxe5
14. O-O Ne6 15. Rb1 Kc7 16. Re1 Bf6 17. Bg4 Ng7 18. Bf4+ Kd8 19. Rbd1+ Ke8 20.
Rd7 b6 21. Be5 Bxe5 22. Rxe5 e6 23. Rc7 Rf8 24. Bf3 Kd8 25. Rxc6 Kd7 26. Re3
Rac8 27. Rd3+ Ke7 28. Rc3 Nf5 29. b4 Nd4 30. Rxc8 Rxc8 31. Bd1 e5 32. c5 bxc5
33. Rxc5 Rxc5 34. bxc5 Ne6 35. c6 Kd6 36. Bb3 Kxc6 37. Kf1 Kc5 38. Ke1 Nd8 39.
Kd2 Kd4 40. f3 h6 41. h4 f6 42. Ke2 Nb7 43. Bf7 g5 44. hxg5 hxg5 45. g4 a5 46.
a4 Nc5 47. Be8 Ne6 48. Bd7 Nf4+ 49. Kf2 Kd3 50. Bb5+ Kd2 51. Bc6 Nd3+ 52. Kg3
Ke3 53. Bb7 Kd4 54. Bc6 Kc5 55. Bb5 Nb2 56. Kf2 Kb4 57. Ke3 Nxa4 58. Be8 Nc5
59. Bf7 Kc3 60. Bd5 a4 61. Bf7 a3 62. Ke2 Nb3 0-1

[Event "U.S. Amateur North"]
[Site "Detroit, MI"]
[Date "1998.??.??"]
[Round "?"]
[White "Mahaffy, Mike"]
[Black "Iyer, Krishnan"]
[Result "0-1"]
[WhiteElo "1605"]
[BlackElo "1605"]
[PlyCount "83"]
[EventDate "1998.05.??"]

{5/23} 1. d4 e6 2. e4 d5 3. f3 c5 4. Be3 Nc6 5. dxc5 Qa5+ 6. Nd2 d4 7. Bf2 Bxc5
8. Bd3 Nge7 9. Qe2 a6 10. Nh3 e5 11. f4 Bxh3 12. gxh3 exf4 13. Qg4 Ng6 14. h4
Nce5 15. Qh3 h5 16. c3 dxc3 17. bxc3 Bxf2+ 18. Kxf2 Rd8 19. Ke2 Nxd3 20. Rab1
Nc5 21. Rhd1 Qxa2 22. Qf5 Qa5 23. Nc4 Qc7 24. Rxd8+ Kxd8 25. Qd5+ Kc8 26. Nd6+
Kb8 27. Nxf7 Re8 28. Ng5 Qe5 29. Qf7 Nxh4 30. Rb6 Re7 31. Qf8+ Ka7 32. c4 Kxb6
33. Qd8+ Ka7 34. Qd5 Nxe4 35. Nxe4 Qxe4+ 36. Qxe4 Rxe4+ 37. Kd3 Re3+ 38. Kd4 b6
39. c5 bxc5+ 40. Kxc5 Rb3 41. h3 f3 42. Kc6 0-1

[Event "U.S. Amateur North"]
[Site "Detroit, MI"]
[Date "1998.??.??"]
[Round "?"]
[White "Mahabir, Naresh"]
[Black "Failor, Michael"]
[Result "0-1"]
[WhiteElo "1605"]
[BlackElo "1605"]
[PlyCount "58"]
[EventDate "1998.05.??"]

{5/23} 1. e4 c5 2. Nc3 d6 3. g3 Nc6 4. Nge2 Nf6 5. Bg2 Bg4 6. f3 Bd7 7. d3 e6
8. Be3 Be7 9. O-O a6 10. d4 cxd4 11. Nxd4 O-O 12. Qd2 d5 13. exd5 exd5 14. Nde2
Be6 15. f4 Bg4 16. Nd4 Bc5 17. Nxc6 Bxe3+ 18. Qxe3 bxc6 19. Qd3 Qb6+ 20. Kh1
Qxb2 21. Rab1 Qa3 22. Rb6 Qc5 23. Rfb1 Rfe8 24. Bf3 Qf2 25. Bg2 Re1+ 26. Rxe1
Qxe1+ 27. Bf1 Bh3 28. Rxa6 Rxa6 29. Qxa6 Bxf1 0-1

[Event "Michigan Amateur"]
[Site "Kalamazoo "]
[Date "1998.??.??"]
[Round "?"]
[White "Lynem, Charles"]
[Black "West, Tony"]
[Result "0-1"]
[WhiteElo "1605"]
[BlackElo "1645"]
[PlyCount "80"]
[EventDate "1998.07.??"]

{7/18} 1. d4 Nf6 2. Nf3 g6 3. e3 c5 4. Bd3 Bg7 5. b3 O-O 6. Bb2 d5 7. Nbd2 Nc6
8. O-O Qc7 9. a3 Nd7 10. c4 e6 11. Rc1 b6 12. Qe2 Bb7 13. Ne1 Rac8 14. f4 cxd4
15. Ndf3 Nc5 16. b4 Nxd3 17. Nxd3 dxc4 18. Rxc4 Ba6 19. Rc2 Qd6 20. Rfc1 dxe3
21. Bxg7 Kxg7 22. Nfe5 Nd4 23. Qd1 Nxc2 24. Rxc2 Rxc2 25. Qxc2 e2 26. Qxe2 Rd8
27. Qb2 Bxd3 28. Nc4+ Qd4+ 29. Qxd4+ Rxd4 30. Ne5 f6 31. Nxd3 Rxd3 32. Kf2 Rxa3
33. b5 e5 34. fxe5 fxe5 35. h3 Kf6 36. Kg1 Kf5 37. Kh2 Kf4 38. h4 h5 39. Kh1
Kg3 40. Kg1 Ra1# 0-1

[Event "Michigan Open Reserve"]
[Site "Flint, MI"]
[Date "1998.??.??"]
[Round "?"]
[White "Lynem, Charles"]
[Black "Miller, Jess"]
[Result "1-0"]
[WhiteElo "1605"]
[BlackElo "1605"]
[PlyCount "75"]
[EventDate "1998.09.??"]

1. d4 Nf6 2. Nf3 e6 3. e3 c5 4. Bd3 Nc6 5. b3 d5 6. Nbd2 Bd6 7. Bb2 Bd7 8. O-O
O-O 9. a3 Qc7 10. c4 Ng4 11. h3 Nf6 12. Ne1 Rfe8 13. f4 cxd4 14. exd4 Bxf4 15.
Nef3 e5 16. dxe5 Nxe5 17. Nxe5 Bxe5 18. Bxe5 Qxe5 19. Nf3 Qg3 20. cxd5 Bxh3 21.
Ra2 Ng4 22. Qd2 Re5 23. Kh1 Rh5 24. Kg1 Rd8 25. Qe1 Qxe1 26. Rxe1 Bxg2 27. Kxg2
Rhxd5 28. Rae2 g6 29. Bc4 R5d7 30. Re7 Rxe7 31. Rxe7 Nh6 32. Ng5 Rf8 33. Rxb7
a5 34. Ra7 Kg7 35. Ne6+ Kg8 36. Nxf8 Kxf8 37. Rxa5 f6 38. Ra7 1-0

[Event "Michigan Open Reserve"]
[Site "Flint, MI"]
[Date "1998.??.??"]
[Round "?"]
[White "Lynem, Charles"]
[Black "McCormick, Tim"]
[Result "1/2-1/2"]
[WhiteElo "1605"]
[BlackElo "1605"]
[PlyCount "83"]
[EventDate "1998.09.??"]

1. e4 e5 2. Nc3 Bc5 3. Bc4 Nf6 4. f4 d6 5. h3 Qe7 6. d3 Be6 7. Bxe6 Qxe6 8. Nf3
h6 9. Qe2 Nc6 10. Bd2 Nd4 11. Nxd4 Bxd4 12. Nb5 Bb6 13. Be3 Qd7 14. c4 Bxe3 15.
Qxe3 a6 16. Nc3 O-O 17. O-O Qe7 18. fxe5 dxe5 19. Rf5 b6 20. Raf1 Nd7 21. Nd5
Qc5 22. Qxc5 Nxc5 23. Ne7+ Kh7 24. Rxf7 Rxf7 25. Rxf7 Ne6 26. Kf2 Rf8 27. Rxf8
Nxf8 28. Nd5 Ne6 29. a4 a5 30. Ke3 Nc5 31. d4 exd4+ 32. Kxd4 Nxa4 33. e5 Kg8
34. Nxc7 Kf7 35. b3 Nc5 36. e6+ Nxe6+ 37. Nxe6 Kxe6 38. c5 b5 39. g3 g6 40. Kc3
Kd5 41. b4 a4 42. Kb2 1/2-1/2

[Event "Michigan Open Reserve"]
[Site "Flint, MI"]
[Date "1998.??.??"]
[Round "?"]
[White "Lynem, Charles"]
[Black "Foord, Allan"]
[Result "0-1"]
[WhiteElo "1605"]
[BlackElo "1605"]
[PlyCount "110"]
[EventDate "1998.09.??"]

1. d4 Nf6 2. Nf3 g6 3. e3 Bg7 4. Bd3 d5 5. b3 O-O 6. Nbd2 Nbd7 7. Bb2 c5 8. O-O
a6 9. Ne5 b5 10. c4 Qb6 11. Qc2 Bb7 12. f4 Rac8 13. f5 Nxe5 14. dxe5 Ng4 15.
Rae1 dxc4 16. bxc4 Nxe5 17. Bxe5 Bxe5 18. Nf3 Bg7 19. Ng5 Rcd8 20. Kh1 Qc6 21.
e4 Rd6 22. Rf3 h6 23. Nh3 b4 24. e5 Rd4 25. fxg6 fxg6 26. Rxf8+ Bxf8 27. Bxg6
Rg4 28. Bh7+ Kg7 29. Re2 Rxg2 30. Rxg2+ Qxg2+ 31. Qxg2+ Bxg2+ 32. Kxg2 Kxh7 33.
Kf3 Kg6 34. Ke4 e6 35. Nf4+ Kf7 36. h4 Be7 37. h5 Bg5 38. Nd3 Be7 39. Ke3 Ke8
40. Kd2 a5 41. Kc2 a4 42. a3 b3+ 43. Kb2 Kd7 44. Kc1 Kc6 45. Kb2 Kb6 46. Nf4
Bh4 47. Nd3 Bg3 48. Kc3 Kc6 49. Kd2 Kb6 50. Ke3 Bxe5 51. Kd2 Bd4 52. Kc1 e5 53.
Ne1 e4 54. Ng2 Kc6 55. Nf4 Be3+ 0-1

[Event "Michigan Class D/E"]
[Site "Grand Rapids, MI"]
[Date "1998.??.??"]
[Round "?"]
[White "Lueer, Michael"]
[Black "Ryskamp, John"]
[Result "0-1"]
[WhiteElo "1605"]
[BlackElo "1605"]
[PlyCount "80"]
[EventDate "1998.01.??"]

1. d4 e6 2. e4 d5 3. Nc3 Nf6 4. f3 c5 5. Bb5+ Nc6 6. e5 Nd7 7. Bxc6 bxc6 8. Be3
cxd4 9. Bxd4 Be7 10. Nge2 O-O 11. O-O Ba6 12. f4 Qc7 13. Rf3 Rab8 14. b3 Rfc8
15. Na4 Bb5 16. Nec3 a6 17. Rh3 Bb4 18. Qh5 h6 19. a3 Be7 20. g4 f6 21. g5 fxg5
22. fxg5 Bxg5 23. Rf1 Bxf1 24. Kxf1 Rf8+ 25. Rf3 Rxf3+ 26. Qxf3 Rf8 27. Qxf8+
Kxf8 28. Bc5+ Nxc5 29. Nxc5 Qf7+ 30. Ke2 Be7 31. Nxa6 Bxa3 32. b4 Qh5+ 33. Kd3
Qxe5 34. Nc5 Ke7 35. Na2 Bb2 36. c3 Qf4 37. Kc2 Qxh2+ 38. Kb3 Qd2 39. Na6 Bc1
40. Nxc1 Qxc1 0-1

[Event "Michigan Class D/E"]
[Site "Grand Rapids, MI"]
[Date "1998.??.??"]
[Round "?"]
[White "Lueer, Michael"]
[Black "Poniatowski, Don"]
[Result "0-1"]
[WhiteElo "1605"]
[BlackElo "1605"]
[PlyCount "82"]
[EventDate "1998.01.??"]

1. d4 Nf6 2. f3 g6 3. e4 d6 4. Nc3 Bg7 5. Be3 O-O 6. Bd3 Nbd7 7. Nge2 e6 8. Qd2
a6 9. Bg5 c5 10. O-O Qc7 11. Bxf6 Bxf6 12. dxc5 Qxc5+ 13. Kh1 b5 14. f4 Bb7 15.
Rf3 Bg7 16. Raf1 Nf6 17. Qe3 Qxe3 18. Rxe3 Rfd8 19. f5 e5 20. fxg6 hxg6 21. Rh3
Bc8 22. Rhf3 Bg4 23. R3f2 Ra7 24. Nd5 Nxd5 25. exd5 Bxe2 26. Bxe2 Rc7 27. Bd3
Re8 28. c3 Rce7 29. b3 e4 30. Be2 Bxc3 31. a4 bxa4 32. bxa4 a5 33. Bb5 Rf8 34.
Rc1 Bd4 35. Re2 f5 36. Rc6 Rd8 37. Rec2 Bc5 38. Ra6 Bb4 39. Bc6 e3 40. Ra8 Rxa8
41. Bxa8 e2 0-1

[Event "Michigan Class D/E"]
[Site "Grand Rapids, MI"]
[Date "1998.??.??"]
[Round "?"]
[White "Lueer, Michael"]
[Black "Bainbridge, Chris"]
[Result "1-0"]
[WhiteElo "1605"]
[BlackElo "1605"]
[PlyCount "79"]
[EventDate "1998.01.??"]

1. d4 e6 2. e4 Nf6 3. Bg5 Be7 4. Bxf6 Bxf6 5. e5 Be7 6. Nf3 d5 7. Bd3 O-O 8.
O-O b6 9. c3 g6 10. h3 Ba6 11. Bxa6 Nxa6 12. Nbd2 c5 13. Re1 cxd4 14. Nxd4 Nc5
15. N2b3 Qd7 16. Nxc5 Bxc5 17. Nf3 Rfd8 18. Qd2 d4 19. Qh6 Bf8 20. Qh4 Qd5 21.
Ng5 h6 22. Ne4 Qxe5 23. Nf6+ Qxf6 24. Qxf6 dxc3 25. bxc3 Bg7 26. Qf3 Rac8 27.
Red1 f5 28. Rxd8+ Rxd8 29. Rd1 Rxd1+ 30. Qxd1 Bxc3 31. Qd8+ Kf7 32. Qc7+ Kf6
33. Qxc3+ e5 34. Qc7 b5 35. Qxa7 e4 36. Qb6+ Ke5 37. Qxb5+ Kf4 38. g3+ Kf3 39.
Kf1 e3 40. Qd5# 1-0

[Event "U.S. Amateur North"]
[Site "Detroit, MI"]
[Date "1998.??.??"]
[Round "?"]
[White "Lopez, J."]
[Black "Stinson, A."]
[Result "0-1"]
[WhiteElo "1605"]
[BlackElo "1605"]
[PlyCount "49"]
[EventDate "1998.05.??"]

{5/23} 1. e4 e6 2. Nf3 d5 3. exd5 exd5 4. Be2 Nf6 5. Nc3 Bd6 6. d3 c6 7. O-O
O-O 8. Bg5 h6 9. Bh4 Nbd7 10. Qd2 Be7 11. Rfe1 Nh7 12. Bxe7 Qxe7 13. d4 Nhf6
14. Bd3 Qd8 15. Re2 Re8 16. Rae1 Rxe2 17. Rxe2 Nf8 18. h3 Be6 19. Na4 N8d7 20.
Ne5 Nxe5 21. dxe5 Nd7 22. Re3 Qg5 23. Qe2 b6 24. Rg3 Qxe5 25. Qd2 {[Remainder
illegible]} 0-1

[Event "U.S. Amateur North"]
[Site "Detroit, MI"]
[Date "1998.??.??"]
[Round "?"]
[White "Lopez, J."]
[Black "Schell, Ken"]
[Result "0-1"]
[WhiteElo "1605"]
[BlackElo "1710"]
[PlyCount "110"]
[EventDate "1998.05.??"]

{5/24} 1. e4 d5 2. exd5 Nf6 3. Nc3 Nxd5 4. Nge2 e5 5. d4 Nxc3 6. bxc3 Bd6 7.
dxe5 Bxe5 8. Qxd8+ Kxd8 9. g3 Re8 10. Bd2 Bg4 11. Bg2 Nc6 12. Rd1 Ke7 13. h3
Bf5 14. Rc1 Rad8 15. g4 Be6 16. Rb1 Bd5 17. Bxd5 Rxd5 18. Rxb7 Red8 19. O-O
Rxd2 20. Re1 Rd1 21. Rxd1 Rxd1+ 22. Kg2 Kd7 23. f4 Bd6 24. Ng3 Bxf4 25. Nf5 Be5
26. Ne3 Rd2+ 27. Kf3 Bxc3 28. Nc4 Ne5+ 29. Nxe5+ Bxe5 30. Rxa7 Rxc2 31. a4 Ra2
32. a5 Bd4 33. Ra8 Ra4 34. a6 Ke7 35. Ke4 Bb6+ 36. Kd5 Kd7 37. h4 Rxg4 38. a7
Ra4 39. Rh8 Bxa7 40. Rxh7 Bb6 41. Rxg7 c6+ 42. Ke5 Bd4+ 43. Kf5 Bxg7 44. h5
Ra5+ 45. Kg4 Bh6 46. Kh4 Rg5 47. Kh3 Rxh5+ 48. Kg4 Rg5+ 49. Kh4 f5 50. Kh3 f4
51. Kh4 f3 52. Kh3 Rg2 53. Kh4 f2 54. Kh3 f1=Q 55. Kh4 Qh1# 0-1

[Event "U.S. Amateur North"]
[Site "Detroit, MI"]
[Date "1998.??.??"]
[Round "?"]
[White "Lopez, J."]
[Black "Gentry, Bronson"]
[Result "0-1"]
[WhiteElo "1605"]
[BlackElo "1735"]
[PlyCount "56"]
[EventDate "1998.05.??"]

{5/23} 1. e4 c5 2. Nf3 Nc6 3. d4 cxd4 4. Nxd4 Nf6 5. Nc3 e6 6. Bg5 Be7 7. Ncb5
Nxe4 8. Bxe7 Nxe7 9. Qg4 Qa5+ 10. c3 d5 11. Qxg7 Rg8 12. Qxh7 a6 13. f3 Ng5 14.
Nd6+ Kd7 15. Qh6 Kxd6 16. Bd3 Qb6 17. h4 Qxb2 18. Nc2 Qxc3+ 19. Ke2 Nxf3 20.
gxf3 Rg2+ 21. Kf1 Qxd3+ 22. Kxg2 Qxc2+ 23. Kg3 Nf5+ 24. Kh3 Nxh6 25. Rac1 e5+
26. Kg3 Nf5+ 27. Kg4 Qg2+ 28. Kh5 Qg6# 0-1

[Event "Michigan Women's"]
[Site "Ann Arbor, MI"]
[Date "1998.??.??"]
[Round "?"]
[White "Livschitz, Louiza"]
[Black "Trice, Shevonne"]
[Result "1-0"]
[WhiteElo "1605"]
[BlackElo "1605"]
[PlyCount "84"]
[EventDate "1998.12.??"]

1. d4 d5 2. c4 Nf6 3. cxd5 Nxd5 4. Nf3 Bg4 5. e4 Bxf3 6. Qxf3 Nb4 7. Qd1 c6 8.
Nc3 e5 9. a3 Qxd4 10. axb4 Bxb4 11. Qc2 Nd7 12. Be2 Nf6 13. O-O Bxc3 14. bxc3
Qxe4 15. Qxe4 Nxe4 16. Bb2 O-O 17. Rfd1 Rfd8 18. c4 Rd2 19. Rxd2 Nxd2 20. Rd1
Rd8 21. Bxe5 f6 22. Bc3 Nf3+ 23. Bxf3 Rxd1+ 24. Bxd1 a6 25. Kf1 c5 26. Ke1 b5
27. cxb5 axb5 28. Bb3+ c4 29. Ba2 Kf7 30. Ke2 Ke7 31. Bb4+ Ke6 32. Ke3 Kd5 33.
Ba3 Ke5 34. Bb1 h5 35. Bg6 f5 36. f4+ Kd5 37. Be8 h4 38. Bxb5 g6 39. Be8 c3 40.
Bxg6 Kc4 41. Bxf5 Kb3 42. Bc1 c2 1-0

[Event "Michigan Women's"]
[Site "Ann Arbor, MI"]
[Date "1998.??.??"]
[Round "?"]
[White "Livschitz, Louiza"]
[Black "Skidmore, Jennifer"]
[Result "0-1"]
[WhiteElo "1605"]
[BlackElo "1880"]
[PlyCount "72"]
[EventDate "1998.12.??"]

1. d4 d5 2. c4 e6 3. Nc3 c6 4. Nf3 dxc4 5. e4 b5 6. a3 Bb7 7. Be2 Nd7 8. O-O
Ngf6 9. Bg5 Be7 10. Qc2 h6 11. Bh4 a6 12. Rfd1 O-O 13. Ne5 Nxe5 14. dxe5 Nd7
15. Bg3 Qc7 16. f4 Rad8 17. b3 cxb3 18. Qxb3 c5 19. Rac1 c4 20. Qb2 Qb6+ 21.
Bf2 Bc5 22. Bf3 Bc6 23. Bxc5 Qxc5+ 24. Kh1 Qe3 25. Rd6 Nc5 26. Qe2 Qxc1+ 27.
Rd1 Qxc3 28. Kg1 Rxd1+ 29. Qxd1 Qe3+ 30. Kh1 Nd3 31. Qb1 Bxe4 32. Bxe4 Qxe4 33.
Qf1 Rd8 34. Qg1 Nf2+ 35. Qxf2 Rd1+ 36. Qg1 Qe1 0-1

[Event "Michigan Senior"]
[Site "Ann Arbor, MI"]
[Date "1998.??.??"]
[Round "?"]
[White "Lin, A."]
[Black "Sheridan, Gregory"]
[Result "1-0"]
[WhiteElo "2235"]
[BlackElo "1880"]
[PlyCount "105"]
[EventDate "1998.06.??"]

{6/13} 1. d4 Nf6 2. c4 e6 3. Nf3 d5 4. Nc3 Nbd7 5. Bg5 c6 6. e3 Qa5 7. Nd2 Bb4
8. Bxf6 Bxc3 9. bxc3 Nxf6 10. Qb3 O-O 11. Bd3 Re8 12. f4 dxc4 13. Nxc4 Qc7 14.
O-O Nd5 15. Rf3 b5 16. Ne5 Bb7 17. Rh3 f5 18. g4 g6 19. gxf5 gxf5 20. Kf2 Re7
21. Rg1+ Rg7 22. Rxg7+ Kxg7 23. Qd1 Rg8 24. Qh5 Kf8 25. Qxh7 Qg7 26. Qxg7+ Kxg7
27. c4 Nb4 28. Bb1 bxc4 29. Rg3+ Kh7 30. Rxg8 Kxg8 31. Nxc4 c5 32. a3 Na6 33.
Nd6 Bd5 34. Bd3 c4 35. Bxc4 Bxc4 36. Nxc4 Nc7 37. e4 Kg7 38. exf5 exf5 39. Kf3
a6 40. a4 Nd5 41. Ne3 Ne7 42. d5 Kf6 43. h4 Kg6 44. a5 Kf6 45. h5 Nc8 46. h6
Nd6 47. Ke2 Kg6 48. Kd3 Kxh6 49. Kd4 Kg6 50. Ke5 Nb7 51. Nc4 Nc5 52. Kd4 Nd7
53. Ne5+ 1-0

[Event "Michigan Open Reserve"]
[Site "Flint, MI"]
[Date "1998.??.??"]
[Round "?"]
[White "Ligon, S."]
[Black "Saylor, Oliver"]
[Result "0-1"]
[WhiteElo "1605"]
[BlackElo "1605"]
[PlyCount "82"]
[EventDate "1998.09.??"]

1. e4 e5 2. Nf3 Nc6 3. Bc4 Bc5 4. d3 h6 5. Nc3 Nf6 6. O-O O-O 7. Nd5 d6 8. c3
Na5 9. b4 Nxc4 10. bxc5 Na5 11. cxd6 Qxd6 12. Qa4 b6 13. Ba3 c5 14. c4 Nxd5 15.
exd5 Qg6 16. Bxc5 bxc5 17. Qxa5 Bh3 18. Nh4 Qg5 19. Qxc5 Qxh4 20. gxh3 Qxh3 21.
Qe3 Qh5 22. d6 Qg6+ 23. Kh1 Qxd6 24. Rg1 Qc6+ 25. Rg2 f6 26. Qxh6 Qxg2+ 27.
Kxg2 gxh6 28. Kf3 Rf7 29. Ke4 Rd8 30. Rd1 Rg7 31. Kf5 Kf7 32. f4 exf4 33. Kxf4
Rg2 34. h4 Rxa2 35. Kf5 Ra5+ 36. Kg4 Rd4+ 37. Kg3 Ra3 38. Rc1 Rdxd3+ 39. Kf4
Rd4+ 40. Kf5 Ra5+ 41. c5 Rd5+ 0-1

[Event "Michigan Open Reserve"]
[Site "Flint, MI"]
[Date "1998.??.??"]
[Round "?"]
[White "Ligon, S."]
[Black "Miller, Jess"]
[Result "1-0"]
[WhiteElo "1605"]
[BlackElo "1605"]
[PlyCount "39"]
[EventDate "1998.09.??"]

1. e4 c5 2. Nf3 Nc6 3. d4 d5 4. exd5 Qxd5 5. Nc3 Qd8 6. d5 Nb8 7. Bb5+ Bd7 8.
Qe2 a6 9. Bxd7+ Qxd7 10. Bf4 e6 11. O-O-O Be7 12. d6 Bf6 13. Nd5 Kf8 14. Nb6
Qd8 15. Nxa8 Qa5 16. Kb1 Bxb2 17. Kxb2 Qb4+ 18. Kc1 Qxf4+ 19. Qe3 Qa4 20. Qxc5
1-0

[Event "Michigan Open Reserve"]
[Site "Flint, MI"]
[Date "1998.??.??"]
[Round "?"]
[White "Ligon, S."]
[Black "Houser, Rick"]
[Result "0-1"]
[WhiteElo "1605"]
[BlackElo "1605"]
[PlyCount "60"]
[EventDate "1998.09.??"]

1. e4 e5 2. Nf3 Nc6 3. Bc4 d6 4. Nc3 Be7 5. d4 Bg4 6. d5 Nd4 7. Be2 Bxf3 8.
Bxf3 Bg5 9. O-O Bxc1 10. Rxc1 a6 11. Qd3 Qf6 12. Be2 Nxe2+ 13. Nxe2 Ne7 14. c4
O-O 15. a4 b6 16. b4 a5 17. b5 g5 18. Qh3 Rad8 19. Rc3 Qg6 20. Ng3 f5 21. exf5
Nxf5 22. Ne4 g4 23. Qd3 h5 24. f3 Rf7 25. fxg4 hxg4 26. Ng3 Rdf8 27. Rc2 Kg7
28. Rcf2 Nxg3 29. Qxg3 Rxf2 30. Rxf2 Qb1+ 0-1